000 00413nam a22001457a 4500
003 PILC
005 20151006134217.0
008 151006b xxu||||| |||| 00| 0 eng d
020 _a9789351155003
050 _aTX 911.3.M3
_b.T727 2015
245 _aTourism product and services /
260 _aUAE :
_b3G elearning,
_c2015.
300 _avi, 261 pages :
_billustrations ;
_c24 cm. +
_e1 DVD.
942 _2lcc
_cBK
_kFOR
999 _c288821
_d288821